|
|
|
|
| LEADER |
00622cam a2200181 7i4500 |
| 001 |
0000006391 |
| 005 |
19991025090000.0 |
| 002 |
##000008077 |
| 020 |
0 |
0 |
|a 967-9909-30-1
|
| 090 |
0 |
0 |
|a M 621.31937
|b PER
|
| 245 |
0 |
0 |
|a Perusahaan membuat penebat porselin elektrik voltan rendah =
|l low voltage porcelain insulators.
|
| 260 |
0 |
0 |
|a Kuala Lumpur:
|b Bank Pembangunan Malaysia Berhad,
|c 1996.
|
| 300 |
0 |
0 |
|a 33p..
|
| 440 |
0 |
0 |
|a Siri PP No.11
|
| 650 |
0 |
0 |
|a Porcelain insulators --
|z Malaysia
|
| 650 |
0 |
0 |
|a Low voltage porcelain insulators --
|z Malaysia
|
| 651 |
0 |
0 |
|a Malaysia
|
| 999 |
|
|
|a 0000009462
|b Book
|c Open shelf
|e Business Information Centre
|